|
|
|
|
| LEADER |
01230nam a22002777a 4500 |
| 001 |
37671 |
| 003 |
BD-DhAAL |
| 008 |
220210t2006 it a 000 0 eng d |
| 999 |
|
|
|c 43482
|d 43482
|
| 040 |
|
|
|a BD-DhAAL
|
| 082 |
|
|
|a 370.19346095
|2 23
|
| 245 |
|
|
|a Addressing learning needs of rural people in Asia.
|
| 260 |
|
|
|a Rome :
|b Food and Agriculture Organization of the United Nations ;
|a Paris :
|b UNESCO, International Institute for Educational Planning,
|c c2006.
|
| 300 |
|
|
|a 81 pages :
|b illustrations ;
|c 21 cm.
|
| 490 |
|
|
|a Education for rural people.
|
| 504 |
|
|
|a Includes bibliographical references (pages 79-81).
|
| 526 |
|
|
|a BIED
|
| 541 |
|
|
|a Complimentary copy from BIED
|e 37671
|
| 650 |
|
|
|a Education, Rural
|z Asia.
|9 45668
|
| 650 |
|
|
|a Education.
|9 45669
|
| 710 |
|
|
|a Food and Agriculture Organization of the United Nations.
|9 45670
|
| 710 |
|
|
|a International Institute for Educational Planning.
|9 45671
|
| 830 |
|
|
|a Education for rural people.
|9 45672
|
| 852 |
|
|
|a Ayesha Abed Library
|c BIED Collection
|
| 942 |
|
|
|2 ddc
|c BK
|
| 952 |
|
|
|0 0
|1 0
|2 ddc
|4 0
|6 370_193460950000000_ADD
|7 0
|9 69752
|a BRACUL
|b BRACUL
|c GEN
|d 2022-02-10
|l 0
|o 370.19346095 ADD
|p 3010037671
|r 2022-04-05
|t 1
|w 2022-02-10
|y BK
|x Transferred from BIED to General Stacks
|